01438nam a2200265 4500001000400000003000400004005001700008008004100025020001800066040000800084041000800092082001800100100004400118245011300162260002400275300001100299520069700310650002601007650001701033650002501050650002201075650001601097655001201113700004701125262OSt20250327122449.0250224b |||||||e |||| 00| 1 eng d a9788573533491 bpor hpor a133.93bM332n aMaria do Rosário, Irmã (espírito) aNa cura da alma / cMaria do Rosário, Irmã (espírito) ; Psicografado por Cominatto, Lúcia (médium) aCapivaribEMEc2014 a208 p. aEm Na cura da Alma, o Espírito Irmã Maria do Rosário, através da médium Lúcia Cominatto, nos presenteia com mensagens que enchem nossos corações de fé, amor, coragem, paz e esperança. Envoltos pelos problemas da vida cotidiana, muitas vezes não vemos saída para as situações em que nos encontramos. Desesperados, esquecemos de elevar o pensamento a Deus e confiar em Seus desígnios. É a esses momentos que mais se aplica a presente obra, feita para estar sempre à mão. Cada novo texto serve para lembrar-nos de que, não importa o que nos aconteça, devemos ter sempre a certeza de que o Pai nunca desampara Seus filhos, nem mesmo o mais pequenino deles. 0aLiteratura Brasileira 0aPsicografias 0aEstudos Espíritas  0aAuto Conhecimento 0aMediunidade 0aRomance1 aCominatto, Lúcia.d1929-2017e(médium)